Principles of education / (Record no. 53479)
[ view plain ]
| 000 -LEADER | |
|---|---|
| fixed length control field | 02222nam a22003137a 4500 |
| 005 - DATE AND TIME OF LATEST TRANSACTION | |
| control field | 20110628104948.0 |
| 010 ## - LCCN (DPL NO) | |
| LC control number | ENG-102868 B-461659-665 |
| 020 ## - INTERNATIONAL STANDARD BOOK NUMBER | |
| International Standard Book Number | 8187818808 |
| Terms of availability | 350.00 |
| 035 ## - SYSTEM CONTROL NUMBER | |
| System control number | EN-86401 B-461659-665 |
| 037 ## - SOURCE OF ACQUISITION | |
| Source of stock number/acquisition | DBAD/PUB |
| 037 ## - SOURCE OF ACQUISITION | |
| Source of stock number/acquisition | Virtuous Pub/Ven |
| 082 ## - DEWEY DECIMAL CLASSIFICATION NUMBER | |
| Classification number | 370.954 |
| 100 ## - MAIN ENTRY--PERSONAL NAME | |
| Personal name | Sharma, Pawan |
| 245 ## - TITLE STATEMENT | |
| Title | Principles of education / |
| Statement of responsibility, etc | by Pawan Sharma |
| 260 ## - PUBLICATION, DISTRIBUTION, ETC. (IMPRINT) | |
| Place of publication, distribution, etc | New Delhi |
| Name of publisher, distributor, etc | Lakshay Publications |
| Date of publication, distribution, etc | 2011 |
| 270 ## - ADDRESS | |
| Address | 7/26, G.Floor, Ansari Road, Darya ganj |
| City | New Delhi |
| Postal code | 110002 |
| 300 2# - PHYSICAL DESCRIPTION | |
| Extent | 232p |
| Dimensions | 22cm (pbk) |
| 700 ## - ADDED ENTRY--PERSONAL NAME | |
| 9 (RLIN) | 28907 |
| 942 ## - ADDED ENTRY ELEMENTS (KOHA) | |
| Source of classification or shelving scheme | Dewey Decimal Classification |
| Item type | English Books |
| Call number suffix | SHA |
| Classification part | 370.954 |
| Withdrawn status | Lost status | Not for loan | Collection code | Home library | Current library | Date acquired | Source of acquisition | Cost, normal purchase price | Full call number | Barcode | Copy number | Cost, replacement price | Koha item type |
|---|---|---|---|---|---|---|---|---|---|---|---|---|---|
| Non-fiction | Bawana | Bawana | 12/06/2012 | Virtuous Pub/938/04.02.2012/20/16.01.2012/10.02.2012 | 350.00 | 370.954 SHA | B-461664 | 1 | 350.00 | English Books | |||
| Non-fiction | Central Library | Central Library | 12/06/2012 | Virtuous Pub/938/04.02.2012/20/16.01.2012/10.02.2012 | 350.00 | 370.954 SHA | B-461659 | 1 | 350.00 | English Books | |||
| Not For Loan | Non-fiction | D.B.Act.Division | D.B.Act.Division | 01/07/2011 | DBAD/PUB | 350.00 | SHA | EN-86401 | 1 | 350.00 | English Books | ||
| Non-fiction | Janak Puri | Janak Puri | 12/06/2012 | Virtuous Pub/938/04.02.2012/20/16.01.2012/10.02.2012 | 350.00 | 370.954 SHA | B-461661 | 1 | 350.00 | English Books | |||
| Non-fiction | Patel Nagar | Patel Nagar | 12/06/2012 | Virtuous Pub/938/04.02.2012/20/16.01.2012/10.02.2012 | 350.00 | 370.954 SHA | B-461660 | 1 | 350.00 | English Books | |||
| Non-fiction | Sarojini Nagar | Sarojini Nagar | 12/06/2012 | Virtuous Pub/938/04.02.2012/20/16.01.2012/10.02.2012 | 350.00 | 370.954 SHA | B-461662 | 1 | 350.00 | English Books | |||
| Non-fiction | Shahdara Branch | Shahdara Branch | 12/06/2012 | Virtuous Pub/938/04.02.2012/20/16.01.2012/10.02.2012 | 350.00 | 370.954 SHA | B-461665 | 1 | 350.00 | English Books | |||
| Non-fiction | Vinoba Puri | Vinoba Puri | 12/06/2012 | Virtuous Pub/938/04.02.2012/20/16.01.2012/10.02.2012 | 350.00 | 370.954 SHA | B-461663 | 1 | 350.00 | English Books |
